| 000 | 00890nam a2200289Ia 4500 | ||
|---|---|---|---|
| 001 | Z_2651 | ||
| 003 | CHAP | ||
| 008 | 220113s1985 xx 000 0 und d | ||
| 010 | _a165711 | ||
| 040 | _cCHAP | ||
| 082 | _a612.39 M6 | ||
| 100 |
_aMoe, P. W. _9139661 |
||
| 245 |
_aEnergy metabolism of farm animals / _ced. by P. W. Moe, H. F. Tyrrell and P. U. Reynolds |
||
| 260 |
_aBeltsville, Maryland : _bRowman and Littlefield, _c1985 |
||
| 300 | _a381 p. | ||
| 440 |
_aEuropean Association for Animal Production; 32 _9139662 |
||
| 500 | _aProcceding of the 10 th symposium heldat - Airlie, Virginia | ||
| 503 | _a147066 | ||
| 650 |
_aEnergía metabólica _936906 |
||
| 650 |
_aMetabolismo en animales domésticos I. Tyrrel, H. F. II. Reynolds, P. U. III. t. _9139663 |
||
| 901 | _a612.39 M6 | ||
| 902 | _aA | ||
| 910 | _a1985 | ||
| 942 | _c1 | ||
| 942 | _cc1 | ||
| 999 |
_c165711 _d165711 |
||